| 000 | 00371nam a2200145Ia 4500 | ||
|---|---|---|---|
| 008 | 150201s1996 xx 000 0 und d | ||
| 082 |
_a616.0757 _bR96C |
||
| 100 | _aCHAPMAN , STPHEN | ||
| 245 | _aAIDS TO RADIOLOGICAL DIFFERENTAL DIAGNOSIS | ||
| 250 | _a3RD | ||
| 260 |
_bPRISM _aBANGLURE _c1996 |
||
| 300 | _a1-686 | ||
| 650 | _aRADIOLOGY & DIAGNOSIS | ||
| 942 |
_2ddc _cBK |
||
| 999 |
_c1353 _d1353 |
||